[Event "MMK2014"]
[Site "?"]
[Date "2014.08.12"]
[Round "3.4"]
[White "Jacko, Vladimir"]
[Black "Brzeski, Maciej"]
[Result "1-0"]
[LiveChessVersion "1.4.2"]
[BlackElo "2338"]
[WhiteElo "2237"]

1. e4 {[%clk 1:30:57]} c5 {[%clk 1:30:57]} 2. Nf3 {[%clk 1:31:20]} Nc6
{[%clk 1:31:17]} 3. Nc3 {[%clk 1:31:45]} g6 {[%clk 1:28:17]} 4. d4
{[%clk 1:32:10]} cxd4 {[%clk 1:28:44]} 5. Nxd4 {[%clk 1:32:35]} Bg7
{[%clk 1:29:11]} 6. Be3 {[%clk 1:32:58]} Nf6 {[%clk 1:29:14]} 7. Bc4
{[%clk 1:33:24]} O-O {[%clk 1:20:04]} 8. Bb3 {[%clk 1:33:51]} d6 {[%clk 1:19:17]}
9. f3 {[%clk 1:34:11]} Bd7 {[%clk 1:19:36]} 10. Qd2 {[%clk 1:34:37]} Nxd4
{[%clk 1:19:45]} 11. Bxd4 {[%clk 1:35:01]} b5 {[%clk 1:20:09]} 12. a4
{[%clk 1:34:46]} b4 {[%clk 1:15:08]} 13. Nd5 {[%clk 1:35:11]} Nxd5
{[%clk 1:15:34]} 14. Bxg7 {[%clk 1:35:33]} Kxg7 {[%clk 1:15:52]} 15. exd5
{[%clk 1:35:57]} Qb6 {[%clk 1:10:25]} 16. h4 {[%clk 1:34:39]} h5 {[%clk 1:01:01]}
17. O-O-O {[%clk 1:32:00]} Qa5 {[%clk 0:58:21]} 18. Qd4+ {[%clk 1:23:21]} f6
{[%clk 0:56:25]} 19. g4 {[%clk 1:09:14]} Bxa4 {[%clk 0:54:18]} 20. Bxa4
{[%clk 1:08:20]} Qxa4 {[%clk 0:54:45]} 21. gxh5 {[%clk 1:08:17]} Rac8
{[%clk 0:30:42]} 22. Rh2 {[%clk 0:56:41]} gxh5 {[%clk 0:24:33]} 23. Kb1
{[%clk 0:39:37]} Kf7 {[%clk 0:23:14]} 24. Re2 {[%clk 0:35:14]} Ke8
{[%clk 0:21:42]} 25. Rde1 {[%clk 0:33:56]} Kd8 {[%clk 0:20:46]} 26. b3
{[%clk 0:28:26]} Qa5 {[%clk 0:17:58]} 27. Rxe7 {[%clk 0:23:25]} Qc5
{[%clk 0:18:10]} 28. Qe4 {[%clk 0:18:07]} f5 {[%clk 0:18:11]} 29. Rd7+
{[%clk 0:18:08]} 1-0

[Event "MMK2014"]
[Site "?"]
[Date "2014.08.12"]
[Round "3.5"]
[White "Nguyen, Thai Dai Van"]
[Black "Klekowski, Maciej"]
[Result "1/2-1/2"]
[LiveChessVersion "1.4.2"]
[BlackElo "2383"]
[WhiteElo "2276"]

1. e4 c5 2. Nf3 Nc6 3. Bb5 e6 4. Bxc6 bxc6 5. d3 Ne7 6. O-O Ng6 7. b3 d6 8. Nbd2
Qf6 9. Rb1 e5 10. h3 Nf4 11. Nc4 g5 12. b4 g4 1/2-1/2

[Event "MMK2014"]
[Site "?"]
[Date "2014.08.13"]
[Round "4.1"]
[White "Malinovsky, Karel"]
[Black "Klekowski, Maciej"]
[Result "1/2-1/2"]
[LiveChessVersion "1.4.2"]
[BlackElo "2383"]
[WhiteElo "2453"]

1. e4 {[%clk 1:30:58]} c5 {[%clk 1:30:54]} 2. Nf3 {[%clk 1:31:24]} Nc6
{[%clk 1:31:19]} 3. Bb5 {[%clk 1:31:49]} g6 {[%clk 1:30:39]} 4. O-O
{[%clk 1:32:07]} Bg7 {[%clk 1:31:06]} 5. c3 {[%clk 1:32:25]} Nf6 {[%clk 1:31:25]}
6. d4 {[%clk 1:32:49]} Nxe4 {[%clk 1:24:33]} 7. d5 {[%clk 1:32:50]} Nd6
{[%clk 1:24:35]} 8. Na3 {[%clk 1:32:26]} Ne5 {[%clk 1:04:57]} 9. Nxe5
{[%clk 1:30:21]} Bxe5 {[%clk 1:04:43]} 10. Re1 {[%clk 1:29:54]} Bf6
{[%clk 1:05:03]} 11. Bh6 {[%clk 1:29:16]} Nf5 {[%clk 0:56:41]} 12. Qd2
{[%clk 1:00:06]} a6 {[%clk 0:52:52]} 1/2-1/2

[Event "MMK2014"]
[Site "?"]
[Date "2014.08.13"]
[Round "4.2"]
[White "Brzeski, Maciej"]
[Black "Nguyen, Thai Dai Van"]
[Result "0-1"]
[LiveChessVersion "1.4.2"]
[BlackElo "2276"]
[WhiteElo "2338"]

1. e4 {[%clk 1:30:58]} c5 {[%clk 1:30:52]} 2. Nf3 {[%clk 1:31:22]} d6
{[%clk 1:31:15]} 3. d4 {[%clk 1:31:49]} cxd4 {[%clk 1:31:40]} 4. Nxd4
{[%clk 1:32:16]} Nf6 {[%clk 1:32:03]} 5. Nc3 {[%clk 1:32:42]} a6 {[%clk 1:32:29]}
6. Bg5 {[%clk 1:32:50]} Nbd7 {[%clk 1:32:47]} 7. Bc4 {[%clk 1:20:45]} Qb6
{[%clk 1:33:03]} 8. Qd2 {[%clk 1:06:48]} Qxb2 {[%clk 1:26:37]} 9. Rb1
{[%clk 0:54:45]} Qa3 {[%clk 1:26:49]} 10. O-O {[%clk 0:54:53]} e6
{[%clk 1:05:29]} 11. Rfe1 {[%clk 0:46:49]} Qa5 {[%clk 1:00:32]} 12. Kh1
{[%clk 0:42:05]} Be7 {[%clk 0:57:45]} 13. f4 {[%clk 0:33:19]} O-O
{[%clk 0:53:28]} 14. f5 {[%clk 0:29:09]} Qc7 {[%clk 0:46:56]} 15. fxe6
{[%clk 0:16:40]} Qxc4 {[%clk 0:46:55]} 16. exd7 {[%clk 0:16:58]} Bxd7
{[%clk 0:47:14]} 17. Nf5 {[%clk 0:16:00]} Bxf5 {[%clk 0:46:07]} 18. exf5
{[%clk 0:16:29]} Bd8 {[%clk 0:42:01]} 19. Bxf6 {[%clk 0:13:23]} Bxf6
{[%clk 0:42:20]} 20. Nd5 {[%clk 0:13:48]} Bg5 {[%clk 0:40:04]} 21. Qd1
{[%clk 0:12:45]} Rae8 {[%clk 0:36:07]} 22. Qf3 {[%clk 0:12:16]} Qxc2
{[%clk 0:23:47]} 23. Qg4 {[%clk 0:12:23]} Rxe1+ {[%clk 0:22:56]} 24. Rxe1
{[%clk 0:12:52]} Qd2 {[%clk 0:22:47]} 25. Rd1 {[%clk 0:13:16]} Re8
{[%clk 0:22:24]} 26. h4 {[%clk 0:05:29]} Re1+ {[%clk 0:22:10]} 27. Kh2
{[%clk 0:04:51]} Qxd1 {[%clk 0:17:24]} 28. Qxg5 {[%clk 0:05:15]} Rh1+
{[%clk 0:17:09]} 29. Kg3 {[%clk 0:05:44]} Qe1+ {[%clk 0:17:26]} 30. Kg4
{[%clk 0:05:45]} Qe4+ {[%clk 0:17:15]} 31. Kh5 {[%clk 0:02:58]} g6+
{[%clk 0:17:15]} 0-1

[Event "MMK2014"]
[Site "?"]
[Date "2014.08.13"]
[Round "4.3"]
[White "Bures, Jaroslav"]
[Black "Jacko, Vladimir"]
[Result "1/2-1/2"]
[LiveChessVersion "1.4.2"]
[BlackElo "2237"]
[WhiteElo "2410"]

1. d4 {[%clk 1:30:48]} Nf6 {[%clk 1:30:31]} 2. c4 {[%clk 1:31:06]} g6
{[%clk 1:30:49]} 3. Nc3 {[%clk 1:31:10]} Bg7 {[%clk 1:30:57]} 4. e4
{[%clk 1:30:35]} d6 {[%clk 1:31:21]} 5. Nf3 {[%clk 1:30:14]} O-O {[%clk 1:31:37]}
6. Be2 {[%clk 1:29:58]} e5 {[%clk 1:31:48]} 7. O-O {[%clk 1:29:11]} Na6
{[%clk 1:28:42]} 8. Be3 {[%clk 1:29:12]} h6 {[%clk 1:28:37]} 9. dxe5
{[%clk 1:18:17]} Ng4 {[%clk 1:26:17]} 10. exd6 {[%clk 1:16:04]} Nxe3
{[%clk 1:25:25]} 11. fxe3 {[%clk 1:16:32]} cxd6 {[%clk 1:23:21]} 12. Nd4
{[%clk 1:14:32]} Qg5 {[%clk 1:06:27]} 13. Qd2 {[%clk 1:14:00]} Nc5
{[%clk 1:02:56]} 14. b4 {[%clk 1:11:25]} Nd7 {[%clk 0:56:40]} 15. Ncb5
{[%clk 1:11:42]} Nf6 {[%clk 0:41:19]} 16. Nxd6 {[%clk 1:03:02]} Qe5
{[%clk 0:22:14]} 17. c5 {[%clk 0:56:09]} Bd7 {[%clk 0:21:42]} 18. Nf3
{[%clk 0:48:10]} Qe7 {[%clk 0:21:37]} 19. e5 {[%clk 0:48:18]} Ng4
{[%clk 0:21:13]} 20. Nxb7 {[%clk 0:47:02]} Nxe5 {[%clk 0:20:21]} 21. Rad1
{[%clk 0:42:30]} Ba4 {[%clk 0:19:36]} 22. Nd6 {[%clk 0:41:04]} Bxd1
{[%clk 0:19:59]} 23. Bxd1 {[%clk 0:40:54]} Rad8 {[%clk 0:17:58]} 24. Bb3
{[%clk 0:40:56]} Kh7 {[%clk 0:17:21]} 25. e4 {[%clk 0:30:54]} Ng4
{[%clk 0:14:29]} 26. Qf4 {[%clk 0:25:58]} Ne5 {[%clk 0:13:04]} 27. Qd2
{[%clk 0:23:45]} Ng4 {[%clk 0:13:23]} 28. h3 {[%clk 0:21:31]} Ne5
{[%clk 0:12:38]} 29. Kh1 {[%clk 0:20:07]} Rd7 {[%clk 0:10:07]} 30. Nd4
{[%clk 0:19:28]} Rxd6 {[%clk 0:10:04]} 31. cxd6 {[%clk 0:19:29]} Qxd6
{[%clk 0:10:33]} 32. Nf3 {[%clk 0:19:27]} Qe7 {[%clk 0:07:11]} 33. Nxe5
{[%clk 0:17:24]} Bxe5 {[%clk 0:07:28]} 34. Qd5 {[%clk 0:17:08]} Kg7
{[%clk 0:07:51]} 35. b5 {[%clk 0:17:11]} Bf6 {[%clk 0:06:07]} 36. Rd1
{[%clk 0:17:16]} h5 {[%clk 0:05:31]} 37. Qc6 {[%clk 0:16:15]} Be5
{[%clk 0:03:16]} 38. Rf1 {[%clk 0:13:25]} Qg5 {[%clk 0:01:48]} 39. Rf3
{[%clk 0:09:26]} Qd2 {[%clk 0:01:57]} 40. Qc4 {[%clk 0:09:02]} Qe1+
{[%clk 0:02:15]} 41. Qf1 {[%clk 0:09:14]} Qxe4 {[%clk 0:02:15]} 42. Rxf7+
{[%clk 0:08:59]} Rxf7 {[%clk 0:02:40]} 43. Qxf7+ {[%clk 0:09:25]} Kh6
{[%clk 0:03:01]} 44. Qf8+ {[%clk 0:08:02]} Bg7 {[%clk 0:03:18]} 45. Qf1
{[%clk 0:07:01]} Be5 {[%clk 0:03:16]} 46. a4 {[%clk 0:04:48]} Qe3
{[%clk 0:02:23]} 47. Bd1 {[%clk 0:04:22]} Qg3 {[%clk 0:02:06]} 48. Qg1
{[%clk 0:04:41]} Bc7 {[%clk 0:01:14]} 49. a5 {[%clk 0:04:09]} Bb8
{[%clk 0:01:09]} 50. b6 {[%clk 0:03:48]} axb6 51. axb6 {[%clk 0:04:13]} Bf4
{[%clk 0:01:39]} 52. Bf3 {[%clk 0:04:18]} Be5 {[%clk 0:01:13]} 53. b7
{[%clk 0:04:25]} Bf4 {[%clk 0:01:38]} 54. Be4 {[%clk 0:04:32]} Be5
{[%clk 0:00:54]} 55. Bd5 {[%clk 0:04:09]} Bf4 {[%clk 0:00:59]} 56. Be6
{[%clk 0:04:38]} Be5 {[%clk 0:00:59]} 57. Bc8 {[%clk 0:04:29]} Bf4
{[%clk 0:01:25]} 58. Bd7 {[%clk 0:03:21]} Be5 {[%clk 0:01:44]} 59. Bc8
{[%clk 0:02:35]} 1/2-1/2

[Event "MMK2014"]
[Site "?"]
[Date "2014.08.13"]
[Round "4.4"]
[White "Topi-Hulmi, Teemu"]
[Black "Mikrut, Dariusz"]
[Result "0-1"]
[LiveChessVersion "1.4.2"]
[BlackElo "2363"]
[WhiteElo "2235"]

1. e4 {[%clk 1:30:55]} c5 {[%clk 1:30:53]} 2. Nc3 {[%clk 1:31:14]} Nc6
{[%clk 1:31:13]} 3. Bb5 {[%clk 1:31:30]} Nd4 {[%clk 1:31:35]} 4. Nf3
{[%clk 1:31:44]} g6 {[%clk 1:31:50]} 5. O-O {[%clk 1:31:51]} Bg7 {[%clk 1:32:14]}
6. Nxd4 {[%clk 1:31:47]} cxd4 {[%clk 1:32:37]} 7. Ne2 {[%clk 1:32:01]} Qb6
{[%clk 1:32:40]} 8. Bd3 {[%clk 1:31:01]} d6 {[%clk 1:32:55]} 9. c3
{[%clk 1:31:07]} dxc3 {[%clk 1:33:03]} 10. dxc3 {[%clk 1:29:43]} Nf6
{[%clk 1:33:25]} 11. Qc2 {[%clk 1:26:55]} O-O {[%clk 1:31:46]} 12. Be3
{[%clk 1:26:54]} Qc7 {[%clk 1:31:59]} 13. h3 {[%clk 1:22:45]} d5 {[%clk 1:25:35]}
14. Rad1 {[%clk 1:08:26]} dxe4 {[%clk 1:25:28]} 15. Bxe4 {[%clk 1:08:35]} Nxe4
{[%clk 1:25:33]} 16. Qxe4 {[%clk 1:08:54]} e5 {[%clk 1:22:50]} 17. f4
{[%clk 0:58:54]} Be6 {[%clk 1:20:22]} 18. fxe5 {[%clk 0:57:19]} Bxa2
{[%clk 1:18:48]} 19. Bd4 {[%clk 0:46:17]} Rfe8 {[%clk 1:18:02]} 20. Nf4
{[%clk 0:35:14]} Bxe5 {[%clk 1:17:14]} 21. Bxe5 {[%clk 0:34:58]} Rxe5
{[%clk 1:16:59]} 22. Qd4 {[%clk 0:34:00]} Rae8 {[%clk 1:04:50]} 23. Qxa7
{[%clk 0:24:52]} Bc4 {[%clk 1:04:39]} 24. Rf3 {[%clk 0:24:57]} Re1+
{[%clk 0:58:01]} 25. Rxe1 {[%clk 0:25:08]} Rxe1+ {[%clk 0:58:26]} 26. Kh2
{[%clk 0:25:16]} Bd5 {[%clk 0:47:11]} 27. Rf2 {[%clk 0:22:57]} g5
{[%clk 0:40:07]} 28. Qd4 {[%clk 0:21:46]} Bc6 {[%clk 0:29:02]} 29. Qf6
{[%clk 0:16:09]} gxf4 {[%clk 0:27:46]} 30. Qg5+ {[%clk 0:15:00]} Kf8
{[%clk 0:27:16]} 31. Qh6+ {[%clk 0:14:20]} Ke8 {[%clk 0:27:25]} 32. Qxh7
{[%clk 0:13:43]} f3+ {[%clk 0:27:28]} 33. g3 {[%clk 0:14:07]} Qe5
{[%clk 0:27:30]} 34. Qg8+ {[%clk 0:14:09]} Ke7 {[%clk 0:27:43]} 0-1

[Event "MMK2014"]
[Site "?"]
[Date "2014.08.13"]
[Round "4.5"]
[White "Berezjuk, Sergej"]
[Black "Polok, Kacper"]
[Result "1-0"]
[LiveChessVersion "1.4.2"]
[BlackElo "2254"]
[WhiteElo "2371"]

1. e4 c5 2. Nf3 Nc6 3. Bb5 d6 4. O-O Bd7 5. Re1 Nf6 6. c3 a6 7. Ba4 b5 8. Bc2 e5
9. d3 g6 10. h3 Bg7 11. d4 Qc7 12. dxc5 dxc5 13. Be3 Na5 14. Nbd2 Nb7 15. Nf1 O-O
16. Bg5 Rfd8 17. Qc1 Be6 18. Nxe5 h6 19. Bf4 Qb6 20. Bxh6 Bh8 21. Qg5 Nh7 22. Qg3
Bxe5 23. Qxe5 f6 24. Qg3 Bf7 25. e5 1-0

[Event "MMK2014"]
[Site "?"]
[Date "2014.08.14"]
[Round "5.1"]
[White "Polok, Kacper"]
[Black "Malinovsky, Karel"]
[Result "0-1"]
[LiveChessVersion "1.4.2"]
[BlackElo "2453"]
[WhiteElo "2254"]

1. e4 {[%clk 1:30:51]} e5 {[%clk 1:30:53]} 2. Nf3 {[%clk 1:30:49]} Nc6
{[%clk 1:31:17]} 3. Bb5 {[%clk 1:30:40]} Bc5 {[%clk 1:31:18]} 4. c3
{[%clk 1:28:32]} Nf6 {[%clk 1:31:20]} 5. Qe2 {[%clk 1:27:43]} O-O
{[%clk 1:29:27]} 6. O-O {[%clk 1:27:59]} Re8 {[%clk 1:29:22]} 7. h3
{[%clk 1:24:29]} h6 {[%clk 1:27:29]} 8. Rd1 {[%clk 1:24:12]} d6 {[%clk 1:25:26]}
9. d3 {[%clk 1:21:15]} Bd7 {[%clk 1:24:33]} 10. Nbd2 {[%clk 1:16:57]} a6
{[%clk 1:23:41]} 11. Bxc6 {[%clk 1:11:04]} Bxc6 {[%clk 1:22:57]} 12. Nf1
{[%clk 1:11:10]} d5 {[%clk 1:04:56]} 13. Ng3 {[%clk 1:10:44]} Kh7
{[%clk 0:58:30]} 14. d4 {[%clk 0:53:03]} exd4 {[%clk 0:50:32]} 15. cxd4
{[%clk 0:52:48]} Nxe4 {[%clk 0:37:16]} 16. Qc2 {[%clk 0:45:16]} Bd6
{[%clk 0:32:54]} 17. Ne5 {[%clk 0:44:56]} Bxe5 {[%clk 0:30:23]} 18. dxe5
{[%clk 0:44:29]} Qe7 {[%clk 0:27:41]} 19. Nxe4 {[%clk 0:37:19]} dxe4
{[%clk 0:28:04]} 20. Bf4 {[%clk 0:37:38]} Qe6 {[%clk 0:24:36]} 21. a3
{[%clk 0:33:40]} Qf5 {[%clk 0:22:53]} 22. Bg3 {[%clk 0:32:37]} Rad8
{[%clk 0:22:31]} 23. Rxd8 {[%clk 0:31:11]} Rxd8 {[%clk 0:22:55]} 24. Rd1
{[%clk 0:27:11]} Rd3 {[%clk 0:21:41]} 25. e6 {[%clk 0:23:19]} fxe6
{[%clk 0:18:58]} 26. Bxc7 {[%clk 0:23:04]} Qd5 {[%clk 0:19:21]} 27. Re1
{[%clk 0:19:10]} Kg8 {[%clk 0:16:52]} 28. Re3 {[%clk 0:17:57]} Qd4
{[%clk 0:12:27]} 29. Qe2 {[%clk 0:14:25]} Rd2 {[%clk 0:11:18]} 30. Qg4
{[%clk 0:11:16]} Qf6 {[%clk 0:11:30]} 31. Qg3 {[%clk 0:10:27]} Rd5
{[%clk 0:11:13]} 32. Kh2 {[%clk 0:06:09]} Rf5 {[%clk 0:09:40]} 33. Rc3
{[%clk 0:03:12]} Rg5 {[%clk 0:06:12]} 34. Qe3 {[%clk 0:03:22]} e5
{[%clk 0:04:55]} 35. Rc5 {[%clk 0:02:43]} Qg6 {[%clk 0:04:25]} 36. g3
{[%clk 0:03:01]} Qe6 {[%clk 0:04:28]} 37. Kg1 {[%clk 0:01:34]} Rf5
{[%clk 0:01:55]} 38. Qc3 {[%clk 0:00:48]} e3 {[%clk 0:01:00]} 39. Qxe3
{[%clk 0:00:53]} Rf7 {[%clk 0:00:52]} 40. Bxe5 {[%clk 0:00:33]} Qxh3
{[%clk 0:01:02]} 41. Rxc6 {[%clk 0:00:53]} bxc6 {[%clk 0:01:28]} 42. Qb6
{[%clk 0:00:37]} Rd7 {[%clk 0:00:48]} 43. Qb3+ {[%clk 0:00:33]} Rd5
{[%clk 0:00:59]} 44. Bf4 {[%clk 0:00:48]} Qe6 {[%clk 0:00:59]} 45. Qf3
{[%clk 0:00:58]} Qd7 {[%clk 0:00:40]} 46. Qe2 {[%clk 0:01:12]} a5
{[%clk 0:00:42]} 47. Qc4 {[%clk 0:00:56]} Kh7 {[%clk 0:00:54]} 48. Qc2+
{[%clk 0:01:20]} Kg8 {[%clk 0:00:55]} 49. b4 {[%clk 0:01:40]} axb4
{[%clk 0:01:17]} 50. axb4 {[%clk 0:02:09]} Rd1+ {[%clk 0:01:27]} 51. Kg2
{[%clk 0:02:29]} Qd5+ {[%clk 0:01:43]} 52. f3 {[%clk 0:02:55]} Ra1
{[%clk 0:01:23]} 53. Qg6 {[%clk 0:02:40]} Ra3 {[%clk 0:01:29]} 54. Kh3
{[%clk 0:01:46]} Rxf3 {[%clk 0:00:48]} 55. Bxh6 {[%clk 0:00:42]} Qf5+
{[%clk 0:01:12]} 56. Qxf5 {[%clk 0:00:58]} Rxf5 {[%clk 0:01:36]} 57. Be3
{[%clk 0:01:18]} Kf7 {[%clk 0:01:54]} 58. Kg4 {[%clk 0:01:43]} g6
{[%clk 0:02:18]} 59. Bc5 {[%clk 0:02:03]} Ke6 {[%clk 0:02:34]} 60. Kh4
{[%clk 0:02:19]} Kd5 {[%clk 0:02:32]} 61. Be7 {[%clk 0:02:23]} Kc4
{[%clk 0:02:37]} 62. Bd6 {[%clk 0:02:29]} Rb5 {[%clk 0:02:38]} 63. g4
{[%clk 0:02:45]} Rxb4 {[%clk 0:02:12]} 64. Kg5 {[%clk 0:03:06]} c5
{[%clk 0:02:33]} 65. Be7 {[%clk 0:01:20]} Kd5 {[%clk 0:02:39]} 66. Bf6
{[%clk 0:01:29]} Ke5 0-1

[Event "MMK2014"]
[Site "?"]
[Date "2014.08.14"]
[Round "5.2"]
[White "Mikrut, Dariusz"]
[Black "Berezjuk, Sergej"]
[Result "1/2-1/2"]
[LiveChessVersion "1.4.2"]
[BlackElo "2371"]
[WhiteElo "2363"]

1. d4 {[%clk 1:30:36]} d6 {[%clk 1:30:53]} 2. e4 {[%clk 1:30:48]} Nf6
{[%clk 1:31:18]} 3. Nc3 {[%clk 1:31:13]} e5 {[%clk 1:31:42]} 4. Nge2
{[%clk 1:30:46]} Nbd7 {[%clk 1:31:33]} 5. f3 {[%clk 1:31:10]} Be7
{[%clk 1:31:33]} 6. Be3 {[%clk 1:31:33]} O-O {[%clk 1:31:12]} 7. Qd2
{[%clk 1:31:57]} c6 {[%clk 1:31:25]} 8. O-O-O {[%clk 1:31:55]} b5
{[%clk 1:29:39]} 9. Ng3 {[%clk 1:12:06]} b4 {[%clk 1:27:53]} 10. Nce2
{[%clk 0:55:30]} d5 {[%clk 1:25:31]} 11. dxe5 {[%clk 0:43:45]} Nxe5 1/2-1/2

[Event "MMK2014"]
[Site "?"]
[Date "2014.08.14"]
[Round "5.3"]
[White "Jacko, Vladimir"]
[Black "Topi-Hulmi, Teemu"]
[Result "1/2-1/2"]
[LiveChessVersion "1.4.2"]
[BlackElo "2235"]
[WhiteElo "2237"]

1. e4 {[%clk 1:20:58]} c5 {[%clk 1:30:47]} 2. d4 {[%clk 1:21:01]} cxd4
{[%clk 1:30:51]} 3. c3 {[%clk 1:21:26]} d5 {[%clk 1:27:43]} 4. exd5
{[%clk 1:17:21]} Qxd5 {[%clk 1:28:00]} 5. cxd4 {[%clk 1:17:27]} Nc6
{[%clk 1:28:15]} 6. Nf3 {[%clk 1:15:28]} e5 {[%clk 1:28:25]} 7. Nc3
{[%clk 1:10:34]} Bb4 {[%clk 1:28:38]} 8. Be3 {[%clk 1:04:20]} exd4
{[%clk 0:55:40]} 9. Nxd4 {[%clk 1:04:23]} Nge7 {[%clk 0:49:37]} 10. Nxc6
{[%clk 0:44:45]} Qxc6 {[%clk 0:47:31]} 11. Qd4 {[%clk 0:45:09]} Bxc3+
{[%clk 0:46:21]} 12. Qxc3 {[%clk 0:44:31]} Qxc3+ {[%clk 0:44:54]} 13. bxc3
{[%clk 0:44:59]} O-O {[%clk 0:43:58]} 14. Bc5 {[%clk 0:40:13]} Re8
{[%clk 0:43:49]} 15. Bb5 {[%clk 0:40:29]} Nc6+ {[%clk 0:43:54]} 16. Be3
{[%clk 0:40:49]} a6 {[%clk 0:37:37]} 17. Be2 {[%clk 0:38:45]} Ne5
{[%clk 0:32:21]} 18. O-O {[%clk 0:34:20]} Ng4 {[%clk 0:29:24]} 19. Bxg4
{[%clk 0:30:41]} Bxg4 {[%clk 0:29:45]} 20. a4 {[%clk 0:30:04]} Rac8
{[%clk 0:27:36]} 21. Rfb1 {[%clk 0:28:56]} Re7 {[%clk 0:26:01]} 22. Bd4
{[%clk 0:26:35]} Bf5 {[%clk 0:24:10]} 23. Rb2 {[%clk 0:25:06]} Be4
{[%clk 0:21:47]} 24. Re2 {[%clk 0:19:33]} Rce8 {[%clk 0:21:44]} 25. Be3
{[%clk 0:14:41]} Bc6 {[%clk 0:21:05]} 26. Rd2 {[%clk 0:14:36]} Re4
{[%clk 0:20:38]} 27. Rd4 {[%clk 0:14:23]} h5 {[%clk 0:19:53]} 28. h3
{[%clk 0:13:29]} R8e6 {[%clk 0:19:55]} 29. Rxe4 {[%clk 0:11:30]} Bxe4
{[%clk 0:19:21]} 30. Kf1 {[%clk 0:10:33]} Rg6 {[%clk 0:18:03]} 31. f3
{[%clk 0:10:52]} Bc6 {[%clk 0:18:12]} 32. Kf2 {[%clk 0:10:57]} Rd6
{[%clk 0:18:01]} 33. Bd4 {[%clk 0:10:55]} Rd5 {[%clk 0:18:03]} 34. a5
{[%clk 0:11:03]} Rb5 {[%clk 0:18:10]} 35. h4 {[%clk 0:05:28]} 1/2-1/2

[Event "MMK2014"]
[Site "?"]
[Date "2014.08.14"]
[Round "5.4"]
[White "Nguyen, Thai Dai Van"]
[Black "Bures, Jaroslav"]
[Result "0-1"]
[LiveChessVersion "1.4.2"]
[BlackElo "2410"]
[WhiteElo "2276"]

1. c4 {[%clk 1:30:51]} e5 {[%clk 1:29:04]} 2. Nc3 {[%clk 1:30:50]} Nf6
{[%clk 1:29:28]} 3. g3 {[%clk 1:31:13]} d5 {[%clk 1:29:34]} 4. cxd5
{[%clk 1:31:38]} Nxd5 {[%clk 1:30:00]} 5. Bg2 {[%clk 1:32:00]} Nb6
{[%clk 1:30:27]} 6. Nf3 {[%clk 1:32:12]} Nc6 {[%clk 1:30:50]} 7. O-O
{[%clk 1:32:22]} Be7 {[%clk 1:30:30]} 8. d3 {[%clk 1:32:43]} O-O {[%clk 1:30:44]}
9. a3 {[%clk 1:32:50]} Be6 {[%clk 1:29:10]} 10. b4 {[%clk 1:29:59]} f6
{[%clk 1:29:10]} 11. Rb1 {[%clk 1:28:31]} a5 {[%clk 1:28:12]} 12. b5
{[%clk 1:28:36]} Nd4 {[%clk 1:28:34]} 13. Nd2 {[%clk 1:27:42]} Rb8
{[%clk 1:26:43]} 14. e3 {[%clk 1:27:30]} Nf5 {[%clk 1:27:09]} 15. Qe2
{[%clk 1:18:15]} Rf7 {[%clk 1:20:07]} 16. Rd1 {[%clk 1:05:12]} Qf8
{[%clk 1:18:12]} 17. Ra1 {[%clk 0:57:34]} Nd6 {[%clk 1:18:04]} 18. a4
{[%clk 0:52:50]} Rd8 {[%clk 1:15:32]} 19. Ba3 {[%clk 0:52:05]} f5
{[%clk 1:13:12]} 20. Bxd6 {[%clk 0:44:45]} Bxd6 {[%clk 0:52:59]} 21. Bxb7
{[%clk 0:39:29]} Bb4 {[%clk 0:53:27]} 22. Rdc1 {[%clk 0:27:01]} Rfd7
{[%clk 0:52:42]} 23. d4 {[%clk 0:26:23]} exd4 {[%clk 0:53:07]} 24. exd4
{[%clk 0:26:47]} Bf7 {[%clk 0:53:18]} 25. Nf3 {[%clk 0:25:33]} Bh5
{[%clk 0:53:01]} 26. Qa2+ {[%clk 0:24:51]} Kh8 {[%clk 0:52:54]} 27. Ne2
{[%clk 0:18:01]} c5 {[%clk 0:51:56]} 28. Bc6 {[%clk 0:16:13]} Bxf3
{[%clk 0:51:00]} 29. Bxf3 {[%clk 0:15:31]} cxd4 {[%clk 0:47:48]} 30. Nf4
{[%clk 0:15:22]} Bc3 {[%clk 0:37:40]} 31. Ne6 {[%clk 0:14:46]} Qg8
{[%clk 0:34:27]} 32. Nxd8 {[%clk 0:13:12]} Bxa1 {[%clk 0:34:49]} 33. Qxg8+
{[%clk 0:08:19]} Kxg8 {[%clk 0:35:18]} 34. Rxa1 {[%clk 0:08:19]} Rxd8
{[%clk 0:35:46]} 35. Kf1 {[%clk 0:08:26]} d3 {[%clk 0:27:55]} 36. Ke1
{[%clk 0:07:26]} d2+ {[%clk 0:23:55]} 37. Kd1 {[%clk 0:06:20]} Rd4
{[%clk 0:24:05]} 38. Ra2 {[%clk 0:02:56]} Nxa4 {[%clk 0:24:07]} 39. Rc2
{[%clk 0:02:38]} Rd3 {[%clk 0:22:25]} 40. Bg2 {[%clk 0:00:32]} Nc3+
{[%clk 0:20:26]} 41. Rxc3 {[%clk 0:00:56]} Rxc3 {[%clk 0:20:54]} 42. Kxd2
{[%clk 0:00:50]} Rc5 {[%clk 0:20:52]} 43. b6 {[%clk 0:00:52]} Rb5
{[%clk 0:18:34]} 44. b7 {[%clk 0:01:13]} Kf7 {[%clk 0:18:01]} 45. Kc3
{[%clk 0:01:10]} Rb4 {[%clk 0:18:28]} 46. h4 {[%clk 0:00:41]} Ke6
{[%clk 0:17:59]} 47. h5 {[%clk 0:00:46]} h6 {[%clk 0:17:36]} 48. f4
{[%clk 0:00:55]} Rb1 {[%clk 0:14:53]} 49. Kc2 {[%clk 0:01:05]} Rb5
{[%clk 0:14:44]} 50. Kc3 {[%clk 0:01:17]} Kd6 {[%clk 0:14:36]} 51. Kc4
{[%clk 0:01:37]} Rb4+ {[%clk 0:12:46]} 52. Kc3 {[%clk 0:02:02]} Kc5
{[%clk 0:11:32]} 53. Bh3 {[%clk 0:01:55]} a4 {[%clk 0:09:53]} 54. Bxf5
{[%clk 0:02:14]} Rb3+ {[%clk 0:10:18]} 55. Kc2 {[%clk 0:02:33]} Rxb7
{[%clk 0:10:44]} 56. g4 {[%clk 0:02:32]} Rb4 {[%clk 0:10:57]} 0-1

[Event "MMK2014"]
[Site "?"]
[Date "2014.08.14"]
[Round "5.5"]
[White "Klekowski, Maciej"]
[Black "Brzeski, Maciej"]
[Result "0-1"]
[LiveChessVersion "1.4.2"]
[BlackElo "2338"]
[WhiteElo "2383"]

1. c4 c5 2. Nc3 Nc6 3. g3 g6 4. Bg2 Bg7 5. d3 e6 6. e4 Nge7 7. Nge2 O-O 8. O-O d6
9. Rb1 b6 10. Be3 Nd4 11. b4 Bb7 12. Qd2 Qd7 13. f4 Rfd8 14. Bf2 Rac8 15. Rfe1 f5
16. b5 d5 17. cxd5 exd5 18. exf5 Ndxf5 19. a4 d4 20. Bxb7 Qxb7 21. Ne4 Nd5 22.
Qa2 h6 23. g4 Nfe3 24. Bxe3 dxe3 25. Rf1 Qf7 26. Rf3 Bd4 27. Qc4 Nb4 28. Nxd4
Rxd4 29. Qxf7+ Kxf7 30. Rxe3 Nxd3 31. Rf3 Re8 32. Nc3 Nxf4 33. a5 g5 34. axb6
axb6 35. Kf1 Rd2 36. Rd1 Rxh2 37. Rd7+ Re7 38. Rd6 Ra7 39. Nd1 Raa2 40. Rg3 Ke7
41. Rxb6 Rh1+ 42. Rg1 Rxg1+ 43. Kxg1 Ra1 44. Rxh6 Rxd1+ 45. Kf2 Rb1 46. b6 Ne6
47. b7 Kd6 48. Rh7 Rb3 49. Ke2 Nd8 50. Rg7 Rxb7 51. Rxg5 Ne6 52. Rg8 Ke5 53. Ra8
Rb3 54. Kf2 Kf4 55. Re8 Rb2+ 56. Ke1 Ng5 57. Kd1 Rg2 58. Kc1 Ne4 59. Rg8 Rxg4 60.
Rf8+ Ke3 61. Kc2 c4 62. Rd8 Rg2+ 63. Kc1 Nc5 64. Kb1 Nd3 65. Rc8 Kd4 66. Ra8 Rb2+
67. Ka1 Rb5 68. Rd8+ Kc3 69. Rh8 Kb3 70. Ra8 Kc2 71. Ra2+ Rb2 72. Ra4 Nb4 0-1